| 000 | 01663cam a22003734a 4500 | ||
|---|---|---|---|
| 001 | 7025002 | ||
| 003 | ARRUPE | ||
| 005 | 20141112121856.0 | ||
| 008 | 070409s2008 enka b 001 0deng | ||
| 010 | _a 2007014786 | ||
| 020 | _a9780195300383 (cloth : alk. paper) | ||
| 020 | _a0195300386 (cloth : alk. paper) | ||
| 020 | _a9780195300390 (pbk. : alk. paper) | ||
| 020 | _a0195300394 (pbk. : alk. paper) | ||
| 024 | _a99933016197 | ||
| 035 | _a(OCoLC)ocn123119807 | ||
| 035 | _a(OCoLC)123119807 | ||
| 035 | _a(NNC)7025002 | ||
| 040 |
_aDLC _cDLC _dBTCTA _dBAKER _dYDXCP _dC#P |
||
| 050 | 0 | 0 |
_aBV5082.3 _b.H37 2008 |
| 082 | 0 | 0 |
_a204/.22 _222 |
| 100 | 1 |
_aHarmless, William, _d1953- _912569 |
|
| 245 | 1 | 0 |
_aMystics / _cWilliam Harmless. |
| 260 |
_aOxford ; _aNew York : _bOxford University Press, _c2008. |
||
| 300 |
_axv, 350 p. : _bill. ; _c24 cm. |
||
| 504 | _aIncludes bibliographical references (p. [315]-335) and index. | ||
| 505 | 0 | _aA theology called mystical : Jean Gerson and William James -- Mystic as fire watcher : Thomas Merton -- Mystic as experienced exegete : Bernard of Clairvaux -- Mystic as multimedia artist : Hildegard of Bingen -- Mystic as cartographer : Bonaventure -- Mystic as mystagogue : Meister Eckhart -- Mystic as desert calligrapher : Evagrius Ponticus -- Mysticism and Islam : Rumi -- Mysticism and Zen Buddhism : Dōgen -- Reading mystics : text, community, experience. | |
| 650 | 0 |
_aMysticism. _912570 |
|
| 650 | 0 |
_aMystics. _912571 |
|
| 856 | 4 | 1 |
_3Table of contents only _uhttp://www.loc.gov/catdir/toc/ecip0715/2007014786.html |
| 942 |
_2lcc _cMONOGRAPH |
||
| 948 | 1 |
_a20090507 _bc _csl13 _dMPS |
|
| 999 |
_c121226 _d121226 |
||